| 000 | 00630nam a2200241 a 4500 | ||
|---|---|---|---|
| 001 | nice12345678 | ||
| 003 | IN_TiNIC | ||
| 005 | 20260116012300.0 | ||
| 008 | 050524s1997 u ka grp 000 0 eng | ||
| 020 |
_a0860378 _c100 |
||
| 082 | 0 | 0 |
_a330.10297 _bCHA1 |
| 100 | _aChapra, Mohammad Umar | ||
| 245 | _aObjectives of the Islamic Enconomic Order | ||
| 260 |
_aU K _bIslamic Foundation _c1997 |
||
| 300 | _a72p | ||
| 500 | _aincludes index and biblioraphy | ||
| 505 | 2 | _aIndex | |
| 650 | _aEconomics-Religious Aspect-Islam | ||
| 700 | 1 | _aChapra, Mohammad Umar | |
| 902 | _bSRS | ||
| 942 | _cBK | ||
| 999 |
_c6378 _d6378 |
||